[Event "AUTO-ADV-4894"]
[Site "http://www.queenalice.com/game.php?id=1863372"]
[Date "2025.9.25"]
[Round "1"]
[White "marcoswerneck"]
[Black "Daniel1962"]
[Result "1-0"]
[WhiteElo "1911"]
[BlackElo "1732"]

1. e4 e6 2. e5 Bc5 3. d4 Bb6 4. c3 d5 5. Bb5+ Bd7 6. Bd3 Ne7 7. Nf3 c5 8. Be3
cxd4 9. Bxd4 Bxd4 10. Nxd4 Qb6 11. Nd2 Qxb2 12. O-O Qxc3 13. N2f3 Nbc6 14. Rc1
Qa5 15. Nxc6 Nxc6 16. a4 Nb4 17. Ra1 O-O 18. Ng5 Nxd3 19. Qxd3 g6 20. Qh3 h5 21.
g4 Qd2 22. Qh4 Qf4 23. f3 d4 24. Rae1 Rfc8 25. Re4 Qd2 26. gxh5 Rc2 27. Rg4 Qe3+
28. Kh1 Bc6 29. hxg6 Bxf3+ 30. Nxf3 f5 31. Qh7+ 1-0

[Event "AUTO-ADV-4894"]
[Site "http://www.queenalice.com/game.php?id=1863373"]
[Date "2025.9.25"]
[Round "1"]
[White "Daniel1962"]
[Black "marcoswerneck"]
[Result "1-0"]
[WhiteElo "1831"]
[BlackElo "1925"]

1. e4 e5 2. Bc4 Nf6 3. d3 a6 4. Qf3 Bb4+ 5. c3 Bc5 6. Be3 Bxe3 7. Qxe3 h6 8. Nf3
d6 9. d4 Ng4 10. Qe2 Qe7 11. dxe5 Nxe5 12. Nxe5 Qxe5 13. Nd2 Nc6 14. Qf3 Be6 15.
Bxe6 Qxe6 16. O-O Ne5 17. Qg3 g5 18. Nf3 O-O-O 19. Nxe5 dxe5 20. Qe3 f5 21. Qa7
Kd7 22. Qxb7 f4 23. Rfd1+ Ke8 24. Qxc7 Qe7 25. Qc6+ Kf7 26. Rxd8 Rxd8 27. Qxa6
Kg7 28. b4 Rd6 29. Qc4 h5 30. b5 Qb7 31. a4 g4 32. a5 g3 33. f3 gxh2+ 34. Kxh2
Qe7 35. a6 Rd2 36. Qf1 Qa7 37. c4 h4 38. Kh3 Rf2 39. Qb1 Qd7+ 40. Kh2 h3 41. Ra2
Rxa2 42. Qxa2 Qa7 43. Kxh3 Qg1 44. a7 Qh1+ 45. Kg4 Kg6 46. Qa6+ Kg7 47. a8=Q
Qxg2+ 48. Kf5 Qh3+ 49. Kxe5 Qh5+ 50. Kd4 1-0

[Event "AUTO-ADV-4894"]
[Site "http://www.queenalice.com/game.php?id=1863374"]
[Date "2025.9.25"]
[Round "1"]
[White "marcoswerneck"]
[Black "dosoldini"]
[Result "1-0"]
[WhiteElo "1920"]
[BlackElo "1657"]

1. e4 e5 2. d3 Be7 3. a3 Nc6 4. Be3 d6 5. h3 Nf6 6. Nc3 a6 7. Nf3 h6 8. Be2 Be6
9. Qd2 Ng8 10. d4 f5 11. exf5 Bxf5 12. dxe5 Be6 13. exd6 Bxd6 14. O-O Qd7 15.
Nh4 Nge7 16. Qd3 O-O-O 17. b4 Bxh3 18. b5 Ne5 19. Qd4 Be6 20. Qa7 c6 21. Qa8+
Bb8 22. bxa6 Bc4 23. axb7+ Qxb7 24. Qa4 Bxe2 25. Rfe1 Bb5 26. Qb4 Qc7 27. Nxb5
cxb5 28. Qxb5 Rd6 29. Qxe5 Nc6 30. Qf5+ Rd7 31. g3 Ne7 32. Qg4 Qc6 33. c4 Bd6
34. c5 Bxc5 35. Bxc5 Qxc5 36. Rac1 Qxc1 37. Rxc1+ Kd8 38. Qxg7 Re8 39. Qxh6 Rd5
40. Qb6+ 1-0

[Event "AUTO-ADV-4894"]
[Site "http://www.queenalice.com/game.php?id=1863375"]
[Date "2025.9.25"]
[Round "1"]
[White "dosoldini"]
[Black "marcoswerneck"]
[Result "0-1"]
[WhiteElo "1641"]
[BlackElo "1906"]

1. e4 e5 2. Nc3 d6 3. Be2 Nf6 4. h3 a6 5. d3 Be6 6. Nf3 Nc6 7. a3 Be7 8. Be3 Qd7
9. d4 exd4 10. Nxd4 h6 11. f4 g6 12. g4 O-O-O 13. Qd3 Na5 14. Qd2 Nh7 15. b4 Nc6
16. Bd3 f5 17. Qf2 fxg4 18. f5 gxf5 19. exf5 Bd5 20. hxg4 Bxh1 21. Qh2 Nxd4 22.
Bxd4 Bf3 23. f6 Bxf6 24. Bxf6 Nxf6 25. Bf5 Rde8+ 26. Kf2 Nxg4+ 27. Bxg4 Qxg4 28.
Rg1 Qf5 0-1

[Event "AUTO-ADV-4894"]
[Site "http://www.queenalice.com/game.php?id=1863376"]
[Date "2025.9.25"]
[Round "1"]
[White "marcoswerneck"]
[Black "Ditto"]
[Result "1-0"]
[WhiteElo "1919"]
[BlackElo "1668"]

1. e4 e5 2. d3 Nc6 3. a3 Bc5 4. Nf3 h6 5. Be3 d6 6. Bxc5 dxc5 7. Be2 Bg4 8. Nc3
Qf6 9. Nd5 Qd8 10. Qd2 Nge7 11. Nc3 Ng6 12. h3 h5 13. hxg4 h4 14. g5 Qe7 15. Nd5
Qd7 16. O-O-O Nf4 17. g3 Ng6 18. gxh4 O-O-O 19. h5 Nf8 20. Kb1 Ne6 21. Nc3 1-0

[Event "AUTO-ADV-4894"]
[Site "http://www.queenalice.com/game.php?id=1863377"]
[Date "2025.9.25"]
[Round "1"]
[White "Ditto"]
[Black "marcoswerneck"]
[Result "0-1"]
[WhiteElo "1662"]
[BlackElo "1925"]

1. e4 e5 2. Nf3 d6 3. Bc4 h6 4. d3 Nf6 5. O-O Be6 6. Bb5+ Bd7 7. Bc4 a6 8. c3
Nc6 9. b4 g5 10. Qb3 Rh7 11. Be3 Bg4 12. Ne1 Qd7 13. a4 Be6 14. Nd2 Bxc4 15.
Nxc4 Ng4 16. Bd2 Nf6 17. Ne3 g4 18. Nf5 O-O-O 19. Be3 d5 20. a5 d4 21. cxd4 exd4
0-1

[Event "AUTO-ADV-4889"]
[Site "http://www.queenalice.com/game.php?id=1864641"]
[Date "2025.10.23"]
[Round "2"]
[White "marcoswerneck"]
[Black "jogo"]
[Result "1-0"]
[WhiteElo "1902"]
[BlackElo "1757"]

1. e4 c5 2. d3 d5 3. Be2 dxe4 4. dxe4 Qxd1+ 5. Bxd1 Nc6 6. Nf3 e5 7. Be3 Nf6 8.
Nc3 Nd4 9. Nxe5 Bd6 10. Nc4 Bc7 11. O-O Ng4 12. Bxd4 cxd4 13. Nd5 Bd8 14. Nd6+
Kf8 15. Bxg4 Bxg4 16. f3 Be6 17. Nxb7 Bxd5 18. exd5 Be7 19. d6 Bf6 20. d7 Rb8
21. Nc5 Rxb2 22. Rfe1 Rb8 23. Rab1 Rxb1 24. Rxb1 Bd8 25. Re1 1-0

[Event "AUTO-OPEN-4622"]
[Site "http://www.queenalice.com/game.php?id=1865028"]
[Date "2025.11.3"]
[Round "1"]
[White "marcoswerneck"]
[Black "josebaron"]
[Result "0-1"]
[WhiteElo "1914"]
[BlackElo "2175"]

1. e4 e5 2. d3 Nf6 3. a3 Bc5 4. h3 O-O 5. g4 d5 6. g5 Ne8 7. Bg2 dxe4 8. Bxe4 f5
9. gxf6 Qxf6 10. f3 Qh4+ 11. Kd2 Qf2+ 12. Qe2 Nc6 13. Qxf2 Bxf2 14. Ne2 Nd6 15.
c3 Nxe4+ 16. fxe4 Bh4 17. Kd1 Rf3 18. Bd2 Rxd3 19. Kc2 Rf3 20. a4 Be6 21. Na3
Rf2 22. Nc1 Rd8 23. Nd3 Re2 24. Rad1 b6 25. b3 Rxe4 26. Nb5 Rd7 27. Be1 Re2+ 28.
Kb1 Bf6 29. Na3 Bxb3 30. Rd2 Rxd2 31. Bxd2 Rxd3 32. Kc1 Bxa4 33. Nc4 Bb5 34. Nb2
Rf3 35. h4 e4 36. Re1 Rf1 37. Rxf1 Bxf1 0-1

[Event "AUTO-OPEN-4622"]
[Site "http://www.queenalice.com/game.php?id=1865029"]
[Date "2025.11.3"]
[Round "1"]
[White "josebaron"]
[Black "marcoswerneck"]
[Result "1-0"]
[WhiteElo "2170"]
[BlackElo "1937"]

1. e4 e5 2. Nf3 d6 3. d4 Be7 4. dxe5 dxe5 5. Qxd8+ Bxd8 6. Nxe5 Be6 7. Bd3 Nf6
8. O-O h6 9. Nc3 Be7 10. a3 Bd6 11. Nf3 Bc5 12. h3 Nc6 13. Bb5 O-O 14. Bxc6 bxc6
15. Be3 Bxe3 16. fxe3 Rab8 17. b3 Nh5 18. Kh2 a6 19. e5 g6 20. Nd4 Ng7 21. Nxc6
Rb6 22. Ne7+ Kh7 23. Ned5 Bxd5 24. Nxd5 Re6 25. Nxc7 Rxe5 26. Nxa6 Rxe3 27. Rf3
Re2 28. c4 Nf5 29. Kg1 Nh4 30. Rf2 Re3 31. b4 Rfe8 32. Rxf7+ Kg8 33. Rf2 Nf5 34.
Nc7 Rc8 35. Nd5 Re6 36. c5 Re4 37. Nf6+ 1-0

[Event "AUTO-OPEN-4622"]
[Site "http://www.queenalice.com/game.php?id=1865030"]
[Date "2025.11.3"]
[Round "1"]
[White "marcoswerneck"]
[Black "Capixabba789"]
[Result "1-0"]
[WhiteElo "1921"]
[BlackElo "1909"]

1. e4 e5 2. d3 f5 3. a3 Nf6 4. h3 Be7 5. Nc3 d6 6. Nf3 O-O 7. g3 c5 8. Nd5 Nxd5
9. Be2 Nf6 10. exf5 Bxf5 11. g4 Be6 12. Rg1 Nc6 13. Nh2 Nd5 14. Be3 Nxe3 15.
fxe3 Bh4+ 16. Kd2 b5 17. Bf3 Rc8 18. c3 d5 19. b3 d4 20. exd4 cxd4 21. Kc2 dxc3
22. b4 Bf2 23. Rg2 Bd4 24. g5 Bxh3 25. Rg3 Bf5 26. Qe2 Bg6 27. Bg4 Rc7 28. Be6+
Kh8 29. Nf3 a6 30. Bb3 Re7 31. Nh4 Be8 32. Rf1 Rxf1 33. Qxf1 Bh5 34. Rf3 Bxf3
35. Qxf3 g6 36. Qxc6 Be3 37. Qf6+ 1-0

[Event "AUTO-OPEN-4622"]
[Site "http://www.queenalice.com/game.php?id=1865031"]
[Date "2025.11.3"]
[Round "1"]
[White "Capixabba789"]
[Black "marcoswerneck"]
[Result "1-0"]
[WhiteElo "1926"]
[BlackElo "1907"]

1. d4 d5 2. Nc3 e6 3. f4 a6 4. Nf3 Nc6 5. e3 Nf6 6. Bd3 Bd6 7. O-O h6 8. Ne2 g5
9. Ne5 Bxe5 10. fxe5 Ne4 11. Qe1 h5 12. c4 dxc4 13. Bxe4 Bd7 14. Qf2 Rf8 15. Bg6
Qe7 16. Bxh5 O-O-O 17. Nc3 Be8 18. Ne4 Kb8 19. Nc5 Ka7 20. a3 b6 21. Ne4 f5 22.
Bxe8 fxe4 23. Qxf8 Rxe8 24. Qxe7 Rxe7 25. Bd2 a5 26. Bc3 Rg7 27. Rf6 Nd8 28.
Raf1 Kb7 29. Rc1 Kc6 30. Bd2 Kd5 31. Rf8 1-0

[Event "AUTO-OPEN-4622"]
[Site "http://www.queenalice.com/game.php?id=1865032"]
[Date "2025.11.3"]
[Round "1"]
[White "marcoswerneck"]
[Black "cerenzo72"]
[Result "0-1"]
[WhiteElo "1900"]
[BlackElo "2137"]

1. e4 e5 2. d3 Nf6 3. a3 d5 4. Be2 dxe4 5. dxe4 Qxd1+ 6. Bxd1 Nxe4 7. Be3 Nc6 8.
Nf3 Bg4 9. O-O Bd6 10. Nc3 Nxc3 11. bxc3 O-O 12. Be2 e4 13. Nd4 Nxd4 14. cxd4
Bxe2 15. Rfe1 Bc4 16. c3 b6 17. Kh1 Bd3 18. f3 exf3 19. gxf3 c5 20. dxc5 Bxc5
21. Bxc5 bxc5 22. Kg2 Rab8 23. Kg3 Rb3 24. Rec1 Re8 25. Ra2 Re3 26. Kf4 Re2 27.
Rxe2 Bxe2 28. Re1 Bb5 29. Re7 Rxa3 30. c4 Bc6 31. Kg5 f6+ 0-1

[Event "AUTO-OPEN-4622"]
[Site "http://www.queenalice.com/game.php?id=1865033"]
[Date "2025.11.3"]
[Round "1"]
[White "cerenzo72"]
[Black "marcoswerneck"]
[Result "1-0"]
[WhiteElo "2114"]
[BlackElo "1908"]

1. c4 e5 2. g3 d6 3. Bg2 c6 4. d4 Be7 5. Nf3 h6 6. dxe5 Be6 7. exd6 Bxd6 8. b3
Bb4+ 9. Bd2 Bxd2+ 10. Nbxd2 Nf6 11. O-O Qd6 12. e4 Qe7 13. e5 Nh7 14. Ne4 Nd7
15. Nd6+ Kf8 16. Nxb7 Ng5 17. Nxg5 Qxg5 18. Bxc6 Nxe5 19. f4 Qg4 20. Qd6+ Kg8
21. Qxe5 h5 22. Nc5 Rd8 23. Nxe6 Rd2 24. Qb8+ Kh7 25. Ng5+ 1-0

[Event "AUTO-ADV-4902"]
[Site "http://www.queenalice.com/game.php?id=1865096"]
[Date "2025.11.3"]
[Round "1"]
[White "game"]
[Black "marcoswerneck"]
[Result "1-0"]
[WhiteElo "1572"]
[BlackElo "1937"]

1. d4 d5 2. Nf3 e6 3. e3 h6 4. Ne5 Nf6 5. Nc3 a6 6. Bd3 Bd6 7. O-O Qe7 8. f4
Bxe5 9. fxe5 Ne4 10. Bxe4 dxe4 11. Nxe4 Bd7 12. Nc5 Bc6 13. Re1 O-O 14. e4 b6
15. d5 exd5 16. exd5 Qxc5+ 17. Be3 Qxd5 18. Qe2 Nd7 19. Rad1 Qe6 20. Bf4 Rfe8
21. Rd3 Bb5 22. Red1 Bxd3 23. Rxd3 Qxa2 24. Rxd7 c5 25. Qh5 Qb1+ 26. Kf2 Qxb2
27. Qxf7+ Kh8 28. Qxg7# 1-0

[Event "AUTO-ADV-4902"]
[Site "http://www.queenalice.com/game.php?id=1865097"]
[Date "2025.11.3"]
[Round "1"]
[White "marcoswerneck"]
[Black "game"]
[Result "1-0"]
[WhiteElo "1892"]
[BlackElo "1633"]

1. e4 d6 2. d4 e5 3. d5 Nf6 4. Nc3 Bg4 5. Be2 h5 6. Bg5 Be7 7. Bxg4 Nxg4 8. Be3
Bg5 9. Qe2 Bxe3 10. fxe3 O-O 11. O-O-O f5 12. h3 Nh6 13. Qxh5 f4 14. exf4 exf4
15. Qf3 Qf6 16. Nge2 Nd7 17. g3 Rae8 18. gxf4 Nc5 19. Nd4 Qh4 20. Nce2 Nxe4 21.
Rhg1 Nf2 22. Rde1 c5 23. Ne6 Rf5 24. Nxg7 Nxh3 25. Nxf5+ Nxg1 26. Rxg1+ Ng4 27.
Qxg4+ Qxg4 28. Rxg4+ Kf7 29. Nxd6+ Kf8 30. Nxe8 Kxe8 31. Rg7 a5 32. Rxb7 1-0

[Event "AUTO-ADV-4902"]
[Site "http://www.queenalice.com/game.php?id=1865120"]
[Date "2025.11.3"]
[Round "1"]
[White "marcoswerneck"]
[Black "Capixabba789"]
[Result "0-1"]
[WhiteElo "1930"]
[BlackElo "1931"]

1. e4 e5 2. d3 Nf6 3. a3 d6 4. h3 Be7 5. Nc3 c5 6. Be2 Nc6 7. Be3 Be6 8. Nf3 Nd4
9. Bxd4 cxd4 10. Nd5 Nxd5 11. O-O Nf6 12. c3 dxc3 13. bxc3 O-O 14. c4 Rc8 15.
Ng5 Bd7 16. Bf3 h6 17. Qd2 hxg5 18. Qxg5 Re8 19. Qe3 d5 20. exd5 a6 21. a4 b6
22. d4 exd4 23. Qxd4 a5 24. d6 Bf8 25. Rab1 Re6 26. Rxb6 Bxa4 27. Rbb1 Rxd6 28.
Qb2 Rxc4 29. Be2 Rb4 30. Qe5 Re6 31. Rxb4 Rxe5 32. Rb6 Qxb6 0-1

[Event "AUTO-ADV-4902"]
[Site "http://www.queenalice.com/game.php?id=1865121"]
[Date "2025.11.3"]
[Round "1"]
[White "Capixabba789"]
[Black "marcoswerneck"]
[Result "0-1"]
[WhiteElo "1922"]
[BlackElo "1921"]

1. d4 d5 2. Nc3 e6 3. e4 Be7 4. e5 a6 5. f4 Nc6 6. Nf3 Bd7 7. Bd3 Bb4 8. Bd2 Qe7
9. O-O h6 10. Qe1 f5 11. Nxd5 exd5 12. c3 Ba5 13. a3 O-O-O 14. Nh4 Qf7 15. Nf3
Be6 16. b4 Bb6 17. a4 a5 18. Rb1 g5 19. Qc1 g4 20. Ne1 h5 21. Qb2 h4 22. bxa5
Nxa5 23. Nc2 Nc4 24. Bc1 Nxb2 25. Bxb2 Ne7 0-1

[Event "AUTO-ADV-4905"]
[Site "http://www.queenalice.com/game.php?id=1865973"]
[Date "2025.11.22"]
[Round "1"]
[White "EdsonEstevam"]
[Black "marcoswerneck"]
[Result "0-1"]
[WhiteElo "1717"]
[BlackElo "1893"]

1. e4 e5 2. Nf3 d6 3. c3 a6 4. d4 h6 5. Nbd2 Bd7 6. Be2 Be7 7. dxe5 dxe5 8. Nxe5
Be6 9. c4 Nf6 10. h3 Qd6 11. a3 Qxe5 12. Nf3 Qxe4 13. b3 O-O 14. O-O Qc6 15. Nd4
Qd7 16. Qd3 Nc6 17. Qg3 Qxd4 18. Be3 Qe5 19. Qf3 Nh5 20. Rad1 b6 21. Qxc6 Ng3
22. Bd4 Nxe2+ 23. Kh1 Nxd4 24. Qa4 Bd6 25. g3 Qe4+ 26. Kh2 Nf3+ 27. Kg2 Ne1+ 0-1

[Event "AUTO-ADV-4905"]
[Site "http://www.queenalice.com/game.php?id=1865974"]
[Date "2025.11.22"]
[Round "1"]
[White "marcoswerneck"]
[Black "EdsonEstevam"]
[Result "1-0"]
[WhiteElo "1930"]
[BlackElo "1708"]

1. e4 e5 2. d3 c6 3. a3 d5 4. Be2 Nf6 5. Bg5 Be7 6. Bxf6 Bxf6 7. h3 Bd7 8. Nf3
Qb6 9. b4 Be6 10. c3 O-O 11. a4 Rd8 12. Nbd2 Na6 13. a5 Qc7 14. O-O dxe4 15.
Nxe4 Qe7 16. Nxf6+ Qxf6 17. Rb1 Nc7 18. d4 Nd5 19. Qd2 Qg6 20. Ng5 h6 21. Nxe6
Qxe6 22. Bg4 Qg6 23. Rbe1 Nf4 24. Rxe5 Nd5 25. c4 f6 26. Bh5 Qh7 27. Re6 Nc7 28.
Re7 b6 29. Rxc7 c5 30. bxc5 Rab8 31. Rxa7 bxc5 32. d5 Kh8 33. Bf3 Qg8 34. a6 Qf8
35. Re1 Qd6 36. Qa5 Kh7 37. Re6 Qf8 38. Kh2 Rb4 39. Ree7 Rdb8 40. Qc7 Kg6 41.
Rxg7+ Kf5 42. Qd7+ Ke5 43. Qe6+ Kd4 44. Rg4+ Kc3 45. Rg3 Rb3 46. Bd1+ Kxc4 47.
Qe4+ Kb5 48. Rxb3+ Ka5 49. Qe1+ Rb4 50. Ra3+ Kb5 51. Rb7+ 1-0